| 000 | 00368nam a2200157Ia 4500 | ||
|---|---|---|---|
| 008 | 230312s9999||||xx |||||||||||||| ||und|| | ||
| 020 | _a0-671-68227-X | ||
| 082 |
_a649.64 _bBAL |
||
| 100 | _aBalter, Dr. Lawrance | ||
| 245 | 0 | _aWho's in Control? | |
| 260 |
_bPoseidon press _aLondon _c1989 |
||
| 300 | _a187 | ||
| 546 | _aEng. | ||
| 650 | _aEngineering | ||
| 942 | _cBK | ||
| 999 |
_c1230 _d1230 |
||